000 00776nam a22002297a 4500
001 9046
003 FISKH
005 20251117160549.0
008 251117b cb ||||| |||| 00| 0 eng d
020 _a9780516274805
040 _aFISKH
_beng
_cFISKH
_dFISKH
050 _aE377 .V46
082 _a973.5
100 _aVenezia, Mike
245 _aJohn Quincy Adams:
_cSixth president /
260 _aNew York :
_bChildren's Press,
_c2004.
300 _a32 pages :
_bcolor illustrations ;
_c25 cm
520 _aAn introduction to the life of John Adams, an influential patriot during the American Revolution who became the nation's first vice president and second president.
650 _a American history
_vPresidents
_xPicture book
942 _2ddc
_cBK
_n0
999 _c9046
_d9046